000 01664nab a2200253 i 4500
001 768714001
003 CO-MdFUSB
005 20240506090032.0
008 230428s2009 ag ||||| |||| 00| 0 eng d
022 _a1669-8649
040 _bspa
_aCO-MdFUSB
_cCO-MdFUSB
_dCO-MdFUSB
041 _aeng
100 1 _aGonzález, Justo L.,
_d1937-
_eautor
245 1 _aBook Preview - Los evangélicos
_b: portraits of latino protestantism in the United States
_c/ Justo L. González ; editado por Juan Francisco Martínez , Lindy Scott
300 _aVolumen 4, número 1 (2009), páginas 95 - 99
_c; 20 cm
520 _aConocer la historia del cristianismo les ayuda a los evangélicos a saber de dónde vienen, y cómo llegaron a ser quienes son como iglesia latina. Este artículo habla sobre la importancia de este libro, naciente en el conocimiento de la historia evangélica latinoamericana, el reconocimiento de las interpretaciones originadas allí, y la importancia de estas. Añadido a eso, el autor habla de este libro como una invitación a dar los próximos pasos, los cuales emergen en la recopilación, organización, ubicación contextual, y la utilización de este arduo trabajo para corregir el modo tradicional de contar la historia del cristianismo en los Estados Unidos.
546 _aTexto en Inglés
653 _aMigración e Inmigración
700 _aMartínez, Juan Francisco,
_eeditor
700 _aScott, Lindy,
_eeditor
773 0 _049416
_981274
_dSantiago de Chile
_oR1722
_tJournal of Latin American Theology :
_w(CO-MdFUSB)118
_x1669-8949
_gVolumen 4, número 1 (2009), páginas 95 - 99
_qpágina 95
942 _cANA
945 _aJTF-945
999 _c68798
_d68798